000 00636cam a22002172 4500
001 0000004858
005 20151217161135.0
008 070530s xx 000 0 eng d
020 _a0721616453 :
_cKES 700
040 _aKABU
_cKABU
050 0 _aR121
_b.D67 1981
245 1 0 _aDorland's illustrated medical dictionary :
250 _a26th ed.
260 _aLondon :
_bW. B. Saunders,
_c1981.
300 _axxix, 1485 p.
650 0 _aMedicine
_vDictionaries.
_@0000155739
700 1 _aDorland, William Alexander.
_@0000155740
908 _a070530
950 _@1
999 _c14973
_d14973